euope flags quiz 2 - Statistics

General Stats
  • This quiz has been taken 347 times
  • The average score is 31 of 44
Answer Stats
Picture Answer % Correct
uk united kingdom
99%
france
97%
spain
96%
portugal
90%
belgium
88%
italy
88%
poland
87%
finland
82%
netherlands
82%
sweden
82%
norway
81%
ireland
80%
switzerland
80%
denmark
77%
ukraine
77%
iceland
75%
austria
72%
luxembourg
71%
romania
71%
turkey
68%
estonia
67%
greece
67%
vatican city
67%
hungary
66%
albania
65%
croatia
65%
monaco
65%
andorra
64%
belarus
62%
latvia
62%
slovakia
62%
serbia
61%
cyprus
60%
czechia
59%
san marino
58%
kosovo
57%
bosnia and herzgovina
56%
moldova
55%
north macedonia
54%
slovenia
54%
lithuania
53%
bulgaria
52%
liechtenstein
51%
montenegro
50%
No matching quizzes found
Score Distribution
Percent of People with Each Score
Percentile by Number Answered
Your Score History
You have not taken this quiz